| 000 | 00751nam a2200265 a 4500 | ||
|---|---|---|---|
| 003 | AR-BaBNM | ||
| 005 | 20251128204257.0 | ||
| 008 | 082120s2002 ||||||||||||||000 | spa|| | ||
| 040 | _cAR-BaBNM | ||
| 100 | 1 | _aLesser, Milton S. | |
| 245 | 0 | 0 | _aEnseñanza efectiva de las ciencias |
| 250 | _a1ª ed. | ||
| 260 |
_aMéxico, D.F. _bHispano Americana _c1968 |
||
| 300 | _avii, 101 p. | ||
| 490 | 0 |
_aManual Uthea breve. Educación _vv. 395 |
|
| 650 | 4 | _aENSEÑANZA DE LA CIENCIA | |
| 650 | 4 | _aENSEÑANZA DE LA BIOLOGIA | |
| 650 | 4 | _aENSEÑANZA DE LA QUIMICA | |
| 650 | 4 | _aLABORATORIOS DE ENSEÑANZA | |
| 650 | 4 | _aPLANES DE CLASE | |
| 650 | 4 | _aMEDIOS DE ENSEÑANZA | |
| 700 | 1 |
_aContin, Agustín _etraductor |
|
| 942 | _cBK | ||
| 998 | _cCarmen | ||
| 999 |
_c6826 _d6826 |
||